Antibiotica aus Actinomyceten : leitfaden für die Isolierung und Charakterisierung /

Uložené v:
Podrobná bibliografia
Hlavný autor: Ševčík, Vladimír (Author)
Médium: Kniha
Jazyk:German
Czech
Vydané: Jena : VEB Gustav Fischer Verlag, 1963.
Vydanie:1. Aufl.
ISBN: (viaz.)
Fyzický popis: 647 s.
Tagy: Pridať tag
Žiadne tagy, Buďte prvý kto otaguje tento záznam!

MARC

LEADER 00000nam a22000004a 4500
001 000467708
005 20150503185118.0
008 150503s1963 gw e 000 0 ger d
020 |a (viaz.)  |c Kčs 156,00 
040 |a SVKKK  |b slo  |c SVKKK  |e AACR2 
041 1 |a ger  |h cze 
044 |a gw  |c DE 
100 1 |a Ševčík, Vladimír  |4 aut 
245 1 0 |a Antibiotica aus Actinomyceten :  |b leitfaden für die Isolierung und Charakterisierung /  |c Vladimír Ševčík. 
250 |a 1. Aufl. 
260 |a Jena :  |b VEB Gustav Fischer Verlag,  |c 1963. 
300 |a 647 s. 
910 |a svkkk 
998 |a BK 
090 |g SCKHL  |k Sklad Pribinova 1. posch.  |a IV.29214  |j 316807  |i 467708-10  |s Absenčne